|
|
|
|
| LEADER |
00000npc a22000002 4500 |
| 001 |
LR113709293 |
| 003 |
PipeLineGenerated |
| 005 |
20260413062836.0 |
| 008 |
190606s2019 xx ||||| 00| ||ger c |
| 100 |
|
|
|a Bartosch, Ulrich
|0 (DE-588)113709293
|0 (DE-627)51985117X
|d 1960-
|
| 245 |
|
|
|a Archivmaterialien zu Ulrich Bartosch, 1960-
|
| 856 |
|
|
|u https://kalliope-verbund.info/gnd/113709293
|3 Archivdatenbank (Kalliope Verbundkatalog)
|
| 856 |
|
|
|u https://www.archivportal-d.de/person/gnd/113709293
|3 Archivdatenbank (Archivportal-D)
|
| BIB |
|
|
|a 1
|o create_literary_remains_records
|
| ELC |
|
|
|a 1
|
| REL |
|
|
|a 1
|o create_literary_remains_records
|
| SUB |
|
|
|a BIB
|a REL
|